000 00884nam a22002537a 4500
005 20100531102645.0
008 100531t xxu||||| |||| 00| 0 eng d
010 _aENG-96217
020 _a9788120340220
_c375.00
035 _aEN-79750
037 _bDBAD/PUB
040 _aDPL
_bEng
082 _a551.5
100 _aChandrasekar, A.
_916448
245 _aBasics of atmospheric science /
_cby A. Chandrasekar
260 _aNew Delhi
_bPHI Learning
_c2010
270 _aM-97, Connaught Circus,
_bNew Delhi
_e110020
300 _axviii, 446p. :
_c23 cm (pbk)
_bill.
500 _aIncludes index
650 _aAtmosphere
_916449
650 _aMeterology
_916450
942 _2ddc
_cEN
_mCHA
_h551.5
999 _c36394
_d36394